000 00293nam a22001337a 4500
008 181226b xxu||||| |||| 00| 0 eng d
020 _a0520040414
041 _aeng
080 _a610
100 _a2
101 _aSHM
245 _aEssays Aritotles Ethics
_cAckill.J.L
942 _2udc
_cBK
999 _c53794
_d53794